000 00362nam a2200145Ia 4500
008 230917s9999||||xx |||||||||||||| ||und||
040 _e236312
_aMAIN
041 _aEnglish
082 _a531.382 S63S
100 _aSindhu, Ritu
245 0 _aSurface wave propagation in anisotropic micropolar elasticity
260 _c2016
300 _a175 p.
942 _cTH
999 _c126926
_d126926